| 000 | 00866nam a2200289Ia 4500 | ||
|---|---|---|---|
| 003 | OSt | ||
| 005 | 20240927115415.0 | ||
| 006 | a|||||r|||| 00| 0 | ||
| 007 | ta | ||
| 008 | 220927b |||||||| |||| 00| 0 eng d | ||
| 020 |
_cUKP 61.99 _a9781292214351 |
||
| 024 | _a144412 | ||
| 037 |
_b124, 19/03/2021, Classic Book Service _cTextual |
||
| 040 |
_aSDCL _cSDCL _beng |
||
| 041 |
_2eng _aeng |
||
| 082 | _aX:71 Q9 | ||
| 100 |
_aAcemoglu, Daron _9420015 |
||
| 245 | 0 | _aMicroeconomics : | |
| 250 | _a2nd | ||
| 260 |
_aNew Delhi : _bPearson Education Ltd, _c2019. |
||
| 300 |
_a501p. _ccm. |
||
| 650 | _aReference | ||
| 700 |
_a Laibson, David _9420016 |
||
| 700 |
_a List, John A. _9420017 |
||
| 942 |
_hX:71 Q9 _cTEXL _2CC |
||
| 999 |
_c736233 _d736233 |
||